| 000 | 00924nam a2200217 u 4500 | ||
|---|---|---|---|
| 001 | 000020707 | ||
| 005 | 20250924073802.0 | ||
| 008 | 100813s1985 dr a r 001 0 spa d | ||
| 040 |
_aDO-SdBNP _bspa _cBPJMD |
||
| 082 |
_axxxx _bC569t |
||
| 100 | 1 |
_aMadé Serrano, Nicolás _911801 |
|
| 245 | 1 | 0 |
_aCiendia, tecnologia y sociedad en una region del tercer mundo : _bAmérica Latina y el Caribe / _cNicolás Madé Serrano, Ramón Morrisón. |
| 260 |
_aSanto Domingo : _bUniversitaria. |
||
| 300 |
_a307 p. : _bil. ; _c21 cm. |
||
| 490 | 1 |
_aPublicaciones de la Universidad Autónoma de Santo Domingo _v375 |
|
| 490 | 1 |
_aCiencia, tecnología y sociedad _vno. 1 |
|
| 500 | _aIncluye datos biográficos de los autores en la contracubierta | ||
| 504 | _aIncluye bibliografía (p. 295-307) | ||
| 830 |
_aPublicaciones de la Universidad Autónoma de Santo Domingo _v375 _952 |
||
| 830 | 0 |
_aCiencia, tecnología y sociedad _vno. 1 _931255 |
|
| 999 |
_c20211 _d20211 |
||